Spell the Marvel Character #358 - Statistics

General Stats
  • This quiz has been taken 10 times
  • The average score is 6 of 8
Answer Stats
Picture Answer % Correct
Emma Frost
100%
Redwing
100%
Darkstar
78%
Fantomex
78%
Outlaw
78%
Red Wolf
78%
Loa
67%
Web-Slinger
44%
No matching quizzes found
Score Distribution
Percent of People with Each Score
Percentile by Number Answered
Your Score History
You have not taken this quiz